Hampʻyŏng ŭi kobun /

Saved in:
Bibliographic Details
Corporate Authors: Chŏnnam Taehakkyo Pangmulgwan (Korea), Hampʻyŏng-gun.
Other Authors: Im, Yŏng-jin.
Format: Book
Language:Korean
Published: Kwangju Kwangyŏksi : Chŏnnam Taehakkyo Pangmulgwan, 2006.
Series:Chŏnnam Taehakkyo Pangmulgwan haksul chʻongsŏ ; 95.
Subjects:
Tags: Add Tag
No Tags, Be the first to tag this record!
LEADER 01736cam a2200433Ka 4500
001 010776997-2
005 20110706095059.0
008 081021s2006 ko ab b 000 0 kor d
020 |a 9788991779150 
020 |a 8991779158 
035 0 |a ocn263028062 
040 |a CGU  |c CGU  |d HMY 
043 |a a-kr--- 
245 0 0 |6 880-01  |a Hampʻyŏng ŭi kobun /  |c Im Yŏng-jin, Cho Chin-sŏn, Yi Chŏng-min. 
260 |6 880-02  |a Kwangju Kwangyŏksi :  |b Chŏnnam Taehakkyo Pangmulgwan,  |c 2006. 
300 |a 225 p. :  |b ill., some col., maps ;  |c 30 cm. 
490 1 |6 880-03  |a Chŏnnam Taehakkyo Pangmulgwan haksul chʻongsŏ ;  |v 95 
504 |a Includes bibliographical references. 
651 0 |a Korea  |x Antiquities. 
650 0 |a Tombs  |z Korea (South)  |z Hampʻyŏng-gun. 
650 0 |a Excavations (Archaeology)  |z Korea (South)  |z Hampʻyŏng-gun. 
650 0 |a Historic sites  |z Korea (South)  |z Hampʻyŏng-gun. 
651 0 |6 880-04  |a Hampʻyŏng-gun (Korea)  |x Antiquities. 
700 1 |6 880-05  |a Im, Yŏng-jin. 
710 2 |6 880-06  |a Chŏnnam Taehakkyo Pangmulgwan (Korea) 
710 2 |6 880-07  |a Hampʻyŏng-gun. 
880 0 0 |6 245-01  |a 咸平의古墳 /  |c 林永珍, 趙鎭先, 李廷珉. 
880 3 |6 246-00  |a 함평의고분 
880 |6 260-02  |a 광주광역시 :  |b 전남대학교박물관,  |c 2006. 
880 1 |6 490-03  |a 전남대학교박물관학술총서 ;  |v 95 
880 4 |6 651-04  |a 咸平郡 (Korea)  |x Antiquities. 
880 1 |6 700-05  |a 林永珍. 
880 2 |6 710-06  |a 全南大學校博物館 (Korea) 
880 2 |6 710-07  |a 咸平郡. 
830 0 |6 880-08  |a Chŏnnam Taehakkyo Pangmulgwan haksul chʻongsŏ ;  |v 95. 
880 0 |6 830-08  |a 전남대학교박물관학술총서 ;  |v 95. 
988 |a 20070808 
049 |a HMYK  |o d 
906 |0 OCLC